La prueba digital en el proceso judicial ℓmbito civil y penal /

Detalles Bibliográficos
Autor principal: de Aguilar Gualda, Salud
Formato: eBook
Lenguaje:español
Publicado: Barcelona: J.M. Bosch Editor, 2019
Materias:
Acceso en línea:Acceso restringido

MARC

LEADER 00000nam a22000007a 4500
005 2020020603353.0
007 cr|||| ||||
008 200206s2019 es |||||s|||| 00||0 spa d
020 |a 978-84-121029-1-8 
035 |a 31111 
040 |a vLex 
090 |c 10139  |d 10139 
100 1 |a de Aguilar Gualda, Salud 
245 1 2 |a La prueba digital en el proceso judicial  |h [Recurso electrn̤ico] :  |b ℓmbito civil y penal /  |c Salud de Aguilar Gualda 
256 |a Servicio en ln̕ea 
260 |a Barcelona:  |b J.M. Bosch Editor,  |c 2019 
300 |a 1 recurso electrn̤ico 
500 |a La prueba digital es aquella informacin̤ obtenida o transmitida a travš de un medio electrn̤ico o dispositivo digital que sirve para acreditar la evidencia de un hecho de relevancia en cualquier orden jurisdiccional. Los tiempos cambian, la sociedad evoluciona y las formas de comunicacin̤ entre los humanos tambiň. Lo que antes se haca̕ a mano, ahora se hace a travš de un Smartphone, de una Tablet o de un ordenador. Y por tanto, las conversaciones que se tienen actualmente tambiň adquieren este formato. Es por ello que el sistema judicial ha tenido que adaptarse a las nuevas tecnologa̕s, admitiendo como pruebas las que provena̕n de este tipo de terminales o aparatos, eso s,̕ siempre y cuando no fuera impugnado su origen o an︢ siňdolo, se presentara pericial que la acreditase. En cuanto al resto de pruebas admitidas tanto en la va̕ civil como en la penal, la Sala Primera y Segunda van sentando cada aǫ la nueva doctrina, tambiň adaptada a los nuevos tiempos y actualizada, que ser ̀de aplicacin̤ en las decisiones judiciales de todos los tribunales. Todo ello lo podremos encontrar en este manual. 
506 1 |a Disponible solo en los productos indicados  |d vLex Global  |d vLex Global (Academic Edition, excluding Law Schools)  |d vLex Global (U.S. Academic Edition, Law Schools)  |d vLex Global (U.S. Academic Edition, excluding Law Schools)  |d vLex Global (Academic Edition, Law Schools) 
650 0 4 |a Derecho Procesal  |z Espaą 
740 0 |a vLex Libros (Servicio en ln̕ea) 
856 4 0 |u http://vlex.com/source/prueba-digital-en-el-proceso-judicial-ambito-civil-y-penal-31111  |z Acceso restringido 
942 |c BOOK 
999 0 |a Procedural law